[Event "XVIII Open"]
[Site "Cappelle la Grande FRA"]
[Date "2002.02.09"]
[Round "1"]
[White "Kaabi,M"]
[Black "Burmakin,V"]
[Result "0-1"]
[WhiteElo "2352"]
[BlackElo "2564"]

1.d4 d5 2.Nf3 c6 3.c4 Nf6 4.Qc2 a6 5.Bf4 dxc4 6.Qxc4 Bf5 7.Nc3 e6 8.g3 Nbd7
9.Bg2 Nd5 10.Nxd5 exd5 11.Qb3 Qa5+ 12.Bd2 Qb5 13.Qe3+ Be7 14.Bc3 Be4 15.a4 Qb6
16.Bh3 Nf6 17.O-O O-O 18.a5 Qa7 19.Ng5 Rfe8 20.Nxe4 Nxe4 21.Bd7 Bg5 22.Qd3 Re7
23.Bh3 Bf6 24.Rad1 Rd8 25.Bb4 Ree8 26.e3 Be7 27.Be1 Bd6 28.f3 Ng5 29.Bg2 Qb8
30.Qf5 Ne6 31.b4 Qc7 32.Qd3 Qe7 33.Rb1 Nc7 34.Bd2 Nb5 35.Rb3 Bb8 36.Bc1 Qf6
37.Rd1 Re7 38.Qf1 h5 39.Qf2 Nd6 40.Bh3 Rde8 41.Bg2 Bc7 42.Rf1 Bd8 43.Rd3 Rc7
44.Re1 Qg6 45.Rdd1 Bg5 46.h4 Bh6 47.Kh2 Rce7 48.Bh3 Qf6 49.f4 Ne4 50.Qf3 Qd6
51.Ba3 Nc3 52.Rd3 Nb5 53.Rb1 g6 54.Bc1 Qf6 55.Rb2 Kg7 56.Rg2 Rh8 57.g4 hxg4
58.Qxg4 Kf8 59.Bd2 Nd6 60.b5 axb5 61.Bb4 Kg7 62.h5 Rhe8 63.hxg6 fxg6 64.f5 g5
65.Qf4 Rd7 66.Rc3 Ne4 67.Ra3 Kh8 68.Qf3 Qf7 69.a6 Bf8 70.a7 Ra8 71.Bxf8 Qxf8
72.Rga2 b6 73.f6 Rdxa7 74.Rxa7 Rxa7 75.Qh5+ Rh7 76.Qg6 Qd6+ 77.Kg1 Qg3+ 78.Kf1 Qxh3+
79.Rg2 Qf3+ 80.Ke1 Rh1+ 81.Rg1 Rxg1+  0-1

[Event "XVIII Open"]
[Site "Cappelle la Grande FRA"]
[Date "2002.02.14"]
[Round "6"]
[White "Rizouk,A"]
[Black "Tillet,L"]
[Result "1-0"]
[WhiteElo "2467"]
[BlackElo "2181"]

1.d4 d5 2.c4 c6 3.Nf3 Nf6 4.Qc2 g6 5.e3 Bf5 6.Bd3 Bxd3 7.Qxd3 Bg7 8.Nc3 O-O
9.O-O Nbd7 10.Rd1 e6 11.e4 dxe4 12.Nxe4 Nxe4 13.Qxe4 a5 14.Bf4 a4 15.Rac1 Qa5
16.c5 Nf6 17.Qe2 Nd5 18.Bd6 Rfe8 19.a3 b6 20.Be5 f6 21.Bd6 Bf8 22.Bxf8 Kxf8
23.Nd2 b5 24.Ne4 Kg7 25.h4 b4 26.h5 bxa3 27.bxa3 Rab8 28.Rd3 Rb3 29.Nd6 Re7
30.Qc2 Nf4 31.Re3 Rxe3 32.fxe3 Nd5 33.Qf2 f5 34.e4 Nf6 35.Qb2 Qa8 36.d5 e5
37.hxg6 hxg6 38.exf5 cxd5 39.fxg6 Kxg6 40.Qf2 Ne4 41.Qf5+ Kg7 42.Nxe4 dxe4
43.Qg5+ Kf7 44.Rf1+ Ke6 45.Qf6+  1-0

[Event "ch-Serbia"]
[Site "Leskovac YUG"]
[Date "2002.02.15"]
[Round "1"]
[White "Arsovic,Z"]
[Black "Vuckovic,Br"]
[Result "1-0"]
[WhiteElo "2404"]
[BlackElo "2169"]

1.Nf3 Nf6 2.c4 c6 3.d4 d5 4.Qc2 g6 5.cxd5 cxd5 6.Nc3 Nc6 7.Bf4 Bg7 8.e3 O-O
9.Bb5 Bf5 10.Qa4 Qb6 11.O-O a6 12.Bxc6 bxc6 13.Qa3 Rac8 14.Be5 Rfd8 15.Rac1 Bf8
16.Na4 Qb5 17.Bxf6 exf6 18.Nc5 Rb8 19.b3 a5 20.Rc3 Bd6 21.Rfc1 g5 22.Qb2 h5
23.h4 g4 24.Nh2 Rbc8 25.Nf1 Bg6 26.Qd2 Kg7 27.Ng3 Re8 28.Ne2 Re7 29.Rf1 Rce8
30.g3 Be4 31.Rfc1 Bf3 32.Nf4 Bxf4 33.gxf4 Kh8 34.Kh2 Ra8 35.Kg3 Rc7 36.Qd3 Qxd3
37.Rxd3 Kg7 38.f5 Kf8 39.Rdc3 Ke7 40.Nd3 Be4 41.Nf4 Ra6 42.Rc5 a4 43.b4 a3
44.b5 Rb6 45.Nxh5 Bxf5 46.Nf4 Kd6 47.Nxd5 cxd5 48.Rxc7 Bd7 49.R7c6+  1-0

[Event "Petrov Mem Open"]
[Site "St Petersburg RUS"]
[Date "2002.02.15"]
[Round "4"]
[White "Torbin,K"]
[Black "Yevseev,D"]
[Result "0-1"]
[WhiteElo "2337"]
[BlackElo "2540"]

1.Nf3 d5 2.d4 Nf6 3.c4 c6 4.g3 dxc4 5.Bg2 b5 6.O-O Bb7 7.Ne5 a6 8.a4 e6 9.Nc3 Nd5
10.e4 Nxc3 11.bxc3 Nd7 12.f4 Be7 13.Ng4 O-O 14.e5 Nb6 15.f5 exf5 16.Rxf5 Bc8
17.Rf1 Nd5 18.Bd2 Be6 19.Be4 Qd7 20.Nf6+ Bxf6 21.exf6 Bg4 22.Qc2 Nxf6 23.Rxf6 gxf6
24.Rf1 Kg7 25.Qc1 Rfe8 26.Bh6+ Kh8 27.Qf4 Qe6 28.d5 cxd5 29.Bxd5 Qb6+ 30.Kh1 Bh3
31.Bxa8 Bxf1 32.Be4 Bh3 33.Qh4 Qe6  0-1

[Event "Donald Byrne Mem"]
[Site "Penn State USA"]
[Date "2002.02.23"]
[Round "5"]
[White "Chiong,L"]
[Black "Formanek,E"]
[Result "1-0"]
[WhiteElo "2364"]
[BlackElo "2300"]

1.d4 d5 2.Nf3 Nf6 3.c4 c6 4.Qc2 g6 5.Bf4 Bf5 6.Qb3 Qb6 7.c5 Qxb3 8.axb3 Nbd7
9.Nc3 a6 10.b4 Rc8 11.h3 h6 12.Nd2 g5 13.Bh2 Kd8 14.Nb3 Ra8 15.e3 Bc2 16.Na5 Kc8
17.Kd2 Bf5 18.Nxc6 bxc6 19.Bxa6+ Kd8 20.Bb7 Rxa1 21.Rxa1 e5 22.Bxc6 Bg7 23.f3 Nb8
24.b5 Nxc6 25.bxc6 exd4 26.exd4 Bc8 27.Be5 Re8 28.Ra7 Be6 29.Nb5 Nh5 30.Ra8+ Ke7
31.Bd6+  1-0

[Event "Open"]
[Site "Malaga ESP"]
[Date "2002.02.24"]
[Round "3"]
[White "Linan Baena,J"]
[Black "Labollita,M"]
[Result "0-1"]
[WhiteElo "2155"]
[BlackElo "2398"]

1.d4 d5 2.c4 c6 3.Nf3 Nf6 4.Qb3 dxc4 5.Qxc4 Bf5 6.Nc3 e6 7.g3 Nbd7 8.Bg2 Be7
9.O-O O-O 10.Nh4 Nb6 11.Qb3 Qxd4 12.Nxf5 exf5 13.Be3 Qc4 14.Bxb6 Qxb3 15.axb3 axb6
16.Rxa8 Rxa8 17.Rd1 b5 18.e3 Bb4 19.Ne2 g6 20.Kf1 Kf8 21.Nf4 Ke7 22.Nd3 Bd6
23.Rc1 Ng4 24.h4 Ne5 25.Nf4 Ra2 26.Rb1 Nd7 27.Nd3 Nc5  0-1

[Event "Mario Covas Jr"]
[Site "Sao Paulo BRA"]
[Date "2002.02.27"]
[Round "8"]
[White "Disconzi da Silva,R"]
[Black "Morovic Fernandez,I"]
[Result "0-1"]
[WhiteElo "2415"]
[BlackElo "2554"]

1.d4 d5 2.c4 c6 3.Nf3 Nf6 4.Qc2 dxc4 5.e4 b5 6.b3 cxb3 7.axb3 e6 8.Bd2 Bb7
9.Bd3 a6 10.Ba5 Qc8 11.b4 Nbd7 12.O-O Be7 13.Nbd2 Qb8 14.Qb2 O-O 15.h3 Nh5
16.Bb1 Nf4 17.Ra3 e5 18.Nxe5 Nxe5 19.dxe5 c5 20.g3 cxb4 21.Bxb4 Bxb4 22.Qxb4 Nxh3+
23.Kg2 Ng5 24.f4 Ne6 25.Nf3 Rc8 26.f5 Rc4 27.Qe7 Qc7 28.Qh4 Nd4 29.f6 Nxf3
30.Raxf3 Qxe5 31.Rf5 h5 32.fxg7 Re8 33.Rxf7 Bxe4+ 34.Kh2 Bxb1 35.Rf8+ Kxg7
36.R1f7+ Kh6 37.Qf6+ Qxf6 38.Rxf6+ Kg5  0-1

[Event "TCh-ISR"]
[Site "ISR"]
[Date "2002.03.02"]
[Round "5"]
[White "Ruderfer,M"]
[Black "Rabinovich,Al"]
[Result "1/2-1/2"]
[WhiteElo "2339"]
[BlackElo "2442"]

1.Nf3 d5 2.d4 c6 3.c4 dxc4 4.a4 b5 5.Nc3 b4 6.Nb1 e6 7.e3 Ba6 8.Qc2 Qa5 9.Bd2 Nf6
10.Bxc4 Bxc4 11.Qxc4 Qa6 12.Qxa6 Nxa6 13.Ke2 c5 14.Rc1 Nd7 15.Be1 Be7 16.Nbd2 O-O
17.Rc2 Rfb8  1/2-1/2

[Event "FSGM March"]
[Site "Budapest HUN"]
[Date "2002.03.06"]
[Round "5"]
[White "Koneru,H"]
[Black "Jakab,A"]
[Result "1/2-1/2"]
[WhiteElo "2539"]
[BlackElo "2406"]

1.d4 d5 2.Nf3 Nf6 3.c4 c6 4.Qc2 e6 5.e3 Nbd7 6.Nbd2 Bd6 7.Bd3 O-O 8.O-O h6
9.e4 dxe4 10.Nxe4 Nxe4 11.Bxe4 e5 12.Be3 exd4 13.Bxd4 Nf6 14.Bf5 Bxf5 15.Qxf5 Qc8
16.Qc2 Nh5  1/2-1/2

[Event "Anibal Open"]
[Site "Linares ESP"]
[Date "2002.03.07"]
[Round "7"]
[White "Del Rio Angelis,S"]
[Black "Perez,Rod"]
[Result "1/2-1/2"]
[WhiteElo "2509"]
[BlackElo "2429"]

1.d4 d5 2.c4 c6 3.Nf3 Nf6 4.g3 Bf5 5.Bg2 Nbd7 6.Nbd2 h6 7.O-O e6 8.b3 Be7
9.Bb2 O-O 10.h3 Ne4 11.Nh2 Ndf6 12.Ndf3 a5 13.Ne5 a4 14.g4 Bh7 15.f3 a3 16.Bc1 Nd6
17.c5 Nb5 18.f4 Ne4 19.Nhf3 f6 20.Nd3 b6 21.b4 bxc5 22.dxc5 Qb8 23.Be3 Bd8
24.Nd4 Nxd4 25.Bxd4 Bc7 26.Rb1 e5 27.Ba1 exf4 28.b5 cxb5 29.Nxf4 Bxf4 30.Qxd5+ Kh8
31.Bxe4 Be3+ 32.Kg2 Bxe4+ 33.Qxe4 Bxc5 34.Rf5 Qd6 35.Qd5 Qe7 36.Qf3 Rad8
37.Rxb5 Rd2 38.Be5 Rxa2 39.g5 hxg5 40.h4 g4 41.Qe4 fxe5 42.Rh5+ Kg8 43.Qh7+ Kf7
44.Qe4 Kg8 45.Qh7+ Kf7 46.Qe4 Kg8  1/2-1/2

[Event "FSGM March"]
[Site "Budapest HUN"]
[Date "2002.03.08"]
[Round "7"]
[White "Koneru,H"]
[Black "Erdos,V"]
[Result "0-1"]
[WhiteElo "2539"]
[BlackElo "2383"]

1.Nf3 d5 2.d4 c6 3.c4 Nf6 4.Qc2 g6 5.Bf4 Na6 6.a3 dxc4 7.Nbd2 Bg7 8.e3 b5
9.b3 Bf5 10.e4 Bg4 11.bxc4 O-O 12.Be2 Nh5 13.Be3 c5 14.Qb2 bxc4 15.Bxc4 cxd4
16.Bxd4 Bxf3 17.Nxf3 Nc5 18.e5 Rb8 19.Qc2 Ne6 20.Bxe6 fxe6 21.Be3 Qa5+ 22.Bd2 Qa6
23.Qe4 Rb2 24.Qe2 Qb7 25.O-O Nf4 26.Qd1 Nxg2 27.Kxg2 Rxd2 28.Qxd2 Qxf3+ 29.Kg1 Qg4+
30.Kh1 Qf3+ 31.Kg1 Bxe5 32.Rac1 Rf4 33.Rc8+ Kf7 34.Rfc1 Rg4+ 35.Kf1 Bxh2
36.Rf8+ Kxf8 37.Qh6+ Kf7 38.Qxh2 Qd3+  0-1

[Event "Ciocaltea Mem"]
[Site "Bucharest ROM"]
[Date "2002.03.09"]
[Round "6"]
[White "Ionescu,Co"]
[Black "Svetushkin,D"]
[Result "1/2-1/2"]
[WhiteElo "2481"]
[BlackElo "2501"]

1.Nf3 d5 2.d4 Nf6 3.c4 c6 4.Qc2 dxc4 5.Qxc4 Bf5 6.g3 e6 7.Bg2 Be7 8.O-O O-O
9.Bd2 Nbd7 10.Rd1 Qb6 11.b4 Rfc8 12.Be1  1/2-1/2

[Event "Supercom Cup"]
[Site "Bucharest ROM"]
[Date "2002.03.19"]
[Round "3"]
[White "Musat,A"]
[Black "Svetushkin,D"]
[Result "1/2-1/2"]
[WhiteElo "2414"]
[BlackElo "2501"]

1.Nf3 d5 2.d4 Nf6 3.c4 c6 4.Qc2 dxc4 5.Qxc4 Bf5 6.g3 e6 7.Bg2 Be7 8.O-O O-O
9.Bg5 Nbd7 10.Nc3 h6 11.Bxf6 Bxf6 12.Rad1 Bc2 13.Rc1 Nb6 14.Qc5 Bf5 15.Rfd1 a5
16.Nb1 Be4 17.Nbd2 Be7 18.Qc3 Bb4 19.Qb3 Bd5 20.Qd3 f5 21.a3 Be7 22.e4 fxe4
23.Nxe4 Nd7 24.Re1 Bf6 25.Re2 a4 26.Rce1 Ra5 27.Bh3 Kh8 28.Nxf6 Rxf6 29.Ne5 Nxe5
30.Rxe5 Bb3 31.Rxa5 Qxa5 32.Re5 Qb6 33.Qe3 Bd5 34.Bxe6 Rxe6 35.Rxe6 Bxe6
36.Qxe6 Qxb2  1/2-1/2

[Event "13th Goodricke"]
[Site "Calcutta IND"]
[Date "2002.03.22"]
[Round "6"]
[White "Suvrajit,S"]
[Black "Abdulla,Al"]
[Result "1/2-1/2"]
[WhiteElo "2346"]
[BlackElo "2432"]

1.d4 d5 2.Nf3 Nf6 3.c4 c6 4.Qc2 e6 5.e3 Nbd7 6.Nbd2 Bd6 7.Be2 O-O 8.O-O e5
9.cxd5 cxd5 10.dxe5 Nxe5 11.Nxe5 Bxe5 12.Nf3 Bc7 13.Bd2 Bg4 14.Rac1 Rc8 15.Qa4 Re8
16.Rfd1 a6 17.Bc3 Ne4 18.Qd4 Nxc3 19.Rxc3 Be6 20.Rdc1 Qd6 21.g3 Bb6 22.Rxc8 Rxc8
23.Rxc8+ Bxc8 24.Qc3 Bg4  1/2-1/2

[Event "Suetin Mem"]
[Site "Tula RUS"]
[Date "2002.03.23"]
[Round "1"]
[White "Vaulin,A"]
[Black "Izmukhambetov,S"]
[Result "1-0"]
[WhiteElo "2560"]
[BlackElo "2371"]

1.d4 d5 2.c4 c6 3.Nf3 Nf6 4.Qb3 dxc4 5.Qxc4 Bf5 6.Nc3 e6 7.Bg5 Be7 8.Bxf6 Bxf6
9.e4 Bg6 10.Be2 Nd7 11.O-O O-O 12.Rfd1 Nb6 13.Qb3 Qc7 14.Rac1 Rac8 15.a4 Qb8
16.Qa3 Rfe8 17.b4 Rcd8 18.Qb3 Bh5 19.a5 Nc8 20.e5 Be7 21.Nd2 Bxe2 22.Nxe2 a6
23.Nc4 Na7 24.Rc3 Nb5 25.Rh3 Nc7 26.Qf3 Bxb4 27.Rd3 h6 28.Qg4 Kh8 29.Rdg3 Rg8
30.Qf4 Bf8 31.Rxg7  1-0

[Event "Suetin Mem"]
[Site "Tula RUS"]
[Date "2002.03.24"]
[Round "2"]
[White "Slavina,I"]
[Black "Skatchkov,P"]
[Result "1/2-1/2"]
[WhiteElo "2358"]
[BlackElo "2464"]

1.d4 d5 2.c4 c6 3.Nf3 Nf6 4.Qc2 dxc4 5.Qxc4 Bf5 6.g3 e6 7.Bg2 Be7 8.O-O O-O
9.Nc3 Nbd7 10.e3 b5 11.Qe2 b4 12.Nb1 Rc8 13.Nbd2 c5 14.b3 Nd5 15.Bb2 Nc3
16.Bxc3 bxc3 17.Nc4 Nb6 18.Rac1 Nxc4 19.bxc4 Be4 20.Rxc3 Bxf3 21.Qxf3 cxd4
22.exd4 Qxd4 23.Rd1 Qe5 24.Bf1 Bc5 25.Rcd3 Bb6 26.Rd7 Rc5 27.Kg2 g6 28.Rb1 Qb8
29.Rb5 Qc8 30.Rd2 Rxb5  1/2-1/2

[Event "13th Goodricke"]
[Site "Calcutta IND"]
[Date "2002.03.25"]
[Round "9"]
[White "Koneru,H"]
[Black "Suvrajit,S"]
[Result "1/2-1/2"]
[WhiteElo "2539"]
[BlackElo "2346"]

1.Nf3 Nf6 2.d4 d5 3.c4 c6 4.Qc2 e6 5.e3 Nbd7 6.Nbd2 Bd6 7.Bd3 O-O 8.O-O h6
9.e4 dxe4 10.Nxe4 Nxe4 11.Bxe4 e5 12.Be3 exd4 13.Bxd4 Nf6 14.Bf5 Bxf5 15.Qxf5 Re8
16.Rad1 Re6 17.Bc3 Qf8 18.Bxf6 Rxf6 19.Qd7 Rb8 20.a3 Bc5 21.b4 Rd6 22.Rxd6 Bxd6
23.Re1 Qd8 24.Qf5 a5 25.c5 Bf8 26.Ne5 Qd5 27.Qe4 Qxe4 28.Rxe4 axb4 29.axb4 b6
30.Nxc6 Rc8 31.Ne7+  1/2-1/2

[Event "Suetin Mem"]
[Site "Tula RUS"]
[Date "2002.03.27"]
[Round "5"]
[White "Kainov,A"]
[Black "Soloviev,M"]
[Result "1-0"]
[WhiteElo "2208"]
[BlackElo "2345"]

1.d4 d5 2.c4 dxc4 3.Nf3 c6 4.a4 a6 5.e3 b5 6.axb5 cxb5 7.b3 e6 8.bxc4 Bb4+
9.Bd2 Bxd2+ 10.Nbxd2 bxc4 11.Nxc4 Ne7 12.Qa4+ Qd7 13.Nd6+ Kf8 14.Qa3 Bb7
15.Ne5 Qc7 16.Rc1 Qb6 17.Bd3 g6 18.Rb1 Qxb1+ 19.Bxb1 Bxg2 20.Rg1 Bc6 21.Nc8 Kg7
22.Qxe7 Rxc8 23.Qxf7+ Kh8 24.Rxg6 Ra7 25.Qf6+  1-0

[Event "TCh-CZE 2001-2"]
[Site "CZE"]
[Date "2002.04.07"]
[Round "11"]
[White "Priehoda,V"]
[Black "Bazant,P jr"]
[Result "0-1"]
[WhiteElo "2417"]
[BlackElo "2296"]

1.d4 d5 2.c4 c6 3.Nf3 Nf6 4.Qb3 Qb6 5.c5 Qc7 6.Nc3 Bf5 7.Bf4 Qc8 8.h3 e6
9.e3 Nbd7 10.Rc1 Be7 11.Be2 O-O 12.O-O Bd8 13.Bd6 Re8 14.Ne5 Bc7 15.g4 Bg6
16.f4 Bxd6 17.cxd6 Ne4 18.Qa3 Nxc3 19.Rxc3 Be4 20.Bf3 f6 21.Nd3 Bxd3 22.Rxd3 Nb6
23.e4 Nc4 24.Qb4 a5 25.Qc3 Nxd6 26.e5 Nb5 27.Qe1 f5 28.Kh2 g6 29.Rg1 Rf8
30.h4 Kh8 31.h5 gxh5 32.g5 c5 33.Bxh5 Nxd4 34.Rh3 b6 35.g6 Rg8 36.g7+ Rxg7
37.Rxg7 Kxg7 38.Qg1+ Kh8 39.Bg6 Ra7 40.Qg5 Qf8 41.Qf6+ Qxf6 42.exf6 Kg8 43.f7+ Rxf7
44.Bxf7+ Kxf7 45.Rxh7+ Kf6 46.Kg2 b5 47.Kf2 a4 48.Ra7 e5 49.Ra6+ Ne6 50.Rb6 b4
51.fxe5+ Kxe5 52.Ra6 Nf4 53.Ke3 c4 54.Rxa4 Nd3 55.b3 f4+ 56.Kd2 f3 57.bxc4 f2
58.Ke2 dxc4 59.Ra8 Kd4 60.Rh8 Kc3 61.Rh4 b3  0-1

[Event "Golden Cleopatra"]
[Site "Cairo EGY"]
[Date "2002.04.09"]
[Round "3"]
[White "Abou el Zein,E"]
[Black "Keshk,A"]
[Result "1-0"]
[WhiteElo "2333"]
[BlackElo "2170"]

1.d4 d5 2.Nf3 c6 3.Nbd2 Nf6 4.c4 e6 5.e3 Be7 6.Bd3 O-O 7.O-O Nbd7 8.e4 dxe4
9.Nxe4 Nxe4 10.Bxe4 Nf6 11.Bc2 c5 12.Be3 Qc7 13.Qe2 b6 14.Rfd1 Bb7 15.Ne5 Rfd8
16.Rd2 cxd4 17.Bxd4 Bc5 18.Rad1 Bxd4 19.Rxd4 Rxd4 20.Rxd4 Rd8 21.Qd3 Rxd4
22.Qxd4 Kf8 23.b4 Ke7 24.f3 g6 25.Bb3 Nh5 26.g4 f6 27.Nd3 e5 28.Qe3 Ng7 29.Qh6 Ne8
30.Qxh7+ Kd8 31.Qxc7+ Nxc7 32.Kf2 e4 33.fxe4 Bxe4 34.Ke3 Bxd3 35.Kxd3 g5
36.Ke4 Ke7 37.c5 b5 38.Kd4 a6 39.Bd5 Kd7 40.a3 Ke7 41.Ke4 Kd7 42.Ba2 Ke7
43.Kf5 Ne8 44.Kg6 Nc7 45.Bf7 Na8 46.Bb3 Nc7 47.Kf5 Ne8 48.a4 Nc7 49.axb5 axb5
50.Bc2 Nd5 51.Bd3 Nxb4 52.Bxb5 Nd5 53.h3 Nc7 54.Bc4 Ne8 55.Ke4 Nc7 56.Kd4 Kd7
57.Bd5 Ke7 58.Kc4 Kd7 59.Be4 Ke6 60.Bf5+ Ke5 61.Bd7 Ke4 62.Bc8 Ke5 63.Bf5 Kf4
64.Kd4 Kg3 65.c6 Kf4 66.Bd7  1-0

[Event "6th Linklater Mem"]
[Site "San Francisco USA"]
[Date "2002.04.11"]
[Round "9"]
[White "Thornally,F"]
[Black "Rey,G"]
[Result "0-1"]
[WhiteElo "2320"]
[BlackElo "2358"]

1.Nf3 Nf6 2.c4 c6 3.d4 d5 4.Nbd2 Bf5 5.e3 e6 6.Be2 Nbd7 7.O-O Be7 8.b3 h6
9.Bb2 O-O 10.Ne1 Rc8 11.Bd3 Bd6 12.Qe2 Re8 13.e4 dxe4 14.Nxe4 Nxe4  0-1

[Event "Golden Cleopatra"]
[Site "Cairo EGY"]
[Date "2002.04.12"]
[Round "6"]
[White "Atea,S"]
[Black "Fatehy,T"]
[Result "1/2-1/2"]
[WhiteElo "2309"]
[BlackElo "2136"]

1.d4 d5 2.Nf3 Nf6 3.c4 c6 4.g3 e6 5.Bg2 Nbd7 6.Nbd2 Bd6 7.O-O O-O 8.Qc2 Re8
9.e4 dxe4 10.Nxe4 Nxe4 11.Qxe4 e5 12.Bg5 f6 13.Bd2 exd4 14.Qxd4 Ne5 15.Bc3 Qc7
16.Nxe5 Bxe5 17.Qe3 Bf5 18.Rfe1 Bg6 19.Rad1 Bxc3 20.Qxc3 Rxe1+ 21.Rxe1 Bf7
22.Qb4 Rd8 23.Bf3 b6 24.Re7 Rd7 25.Rxd7 Qxd7 26.Qa4 b5 27.cxb5 cxb5 28.Qa5 g6  1/2-1/2

[Event "ch-PHI"]
[Site "Makati PHI"]
[Date "2002.04.27"]
[Round "1"]
[White "Nadera,B"]
[Black "Sanchez,Joseph"]
[Result "1/2-1/2"]
[WhiteElo "2404"]
[BlackElo "2287"]

1.d4 d5 2.c4 c6 3.Nf3 Nf6 4.Qc2 g6 5.Bf4 dxc4 6.Qxc4 Qb6 7.Qc1 Bg7 8.e3 Bf5
9.Nbd2 Nbd7 10.a3 c5 11.Nc4 Qd8 12.Be2 O-O 13.O-O Rc8 14.Qd1 Nd5 15.Bg3 a6
16.Rc1 b5 17.Nce5 c4 18.Nxd7 Qxd7 19.Ne5 Bxe5 20.Bxe5 c3 21.bxc3 Nxc3 22.Qd2 Nxe2+
23.Qxe2 Qd5 24.Qb2 f6 25.Bc7 Bd3 26.Rc5 Qd7 27.Rfc1 Bc4 28.Bb6 Rc6 29.h3 Rfc8
30.Rxc6 Rxc6 31.Bc5 e5 32.Qb4 Kf7 33.a4 exd4 34.Bxd4 Bd5 35.Rxc6 Qxc6 36.axb5 Qc1+
37.Kh2 Qc7+ 38.Kg1  1/2-1/2

[Event "ch-VIE"]
[Site "Vung Tau VIE"]
[Date "2002.04.27"]
[Round "3"]
[White "Tu Hoang Thong"]
[Black "Pham Minh Hoang1"]
[Result "1-0"]
[WhiteElo "2506"]
[BlackElo "2358"]

1.d4 d5 2.c4 c6 3.Nf3 Nf6 4.Qc2 e6 5.g3 dxc4 6.Qxc4 Be7 7.Bg2 O-O 8.O-O b5
9.Qc2 Bb7 10.Nbd2 Na6 11.Nb3 c5 12.Nxc5 Nxc5 13.dxc5 Be4 14.Qb3 Bxc5 15.Qxb5 Qd5
16.Qa4 Rab8 17.b3 Rb4 18.Qa3 Ng4 19.Bb2 Qd6 20.Qa5 Rfb8 21.Rac1 R4b5 22.Qc3 Qf8
23.Qc4 Nxf2 24.Rxf2 Bd5 25.Qd3 Bxf2+ 26.Kxf2 h6 27.Bd4 a5 28.Rc2 Rd8 29.Qe3 Qe7
30.Bxg7 Be4 31.Qxh6 Bh7 32.Bf6 Qf8 33.Qxf8+ Rxf8 34.Rd2 Rf5 35.Bg5 Rc8 36.Be3  1-0

[Event "ch-UKR"]
[Site "Alushta UKR"]
[Date "2002.05.04"]
[Round "2"]
[White "Kuchin,P"]
[Black "Rudak,V"]
[Result "1/2-1/2"]
[WhiteElo "2085"]
[BlackElo "2298"]

1.d4 d5 2.c4 c6 3.Nf3 Nf6 4.Qc2 e6 5.g3 Nbd7 6.Bg2 Be7 7.O-O O-O 8.Bg5 b5
9.b3 bxc4 10.bxc4 c5 11.Nbd2 Ba6 12.Ne5 h6 13.Nc6 Qe8 14.Nxe7+ Qxe7 15.Bxf6 Nxf6
16.Qa4 Bb7 17.dxc5 Qxc5 18.Rac1 Bc6 19.Qa6 Qb6 20.Qa3 d4 21.Bxc6 Qxc6 22.Nf3 Rfd8
23.Rfd1 Qe4 24.Qd3 Qg4 25.Ne5 Qh5 26.f4 Rac8 27.Kg2  1/2-1/2

[Event "3rd Open"]
[Site "Backa Palanka YUG"]
[Date "2002.05.04"]
[Round "3"]
[White "Lajthajm,B"]
[Black "Svetushkin,D"]
[Result "1-0"]
[WhiteElo "2419"]
[BlackElo "2484"]

1.d4 d5 2.c4 c6 3.Nf3 Nf6 4.Qc2 dxc4 5.Qxc4 Bf5 6.Nc3 e6 7.Nh4 b5 8.Qb3 Qxd4
9.Nxf5 exf5 10.g3 Nbd7 11.Bg2 Rc8 12.Be3 Qe5 13.Rc1 Bc5 14.Bf4 Qe7 15.O-O O-O
16.Qc2 Qe6 17.Bh3 Ng4 18.e4 g6 19.exf5 gxf5 20.Kg2 Rfe8 21.f3 b4 22.Ne4 Be3
23.Rce1 Bxf4 24.fxg4 fxe4 25.g5 Qd5 26.Rd1 Qc5 27.Qxc5 Nxc5 28.Bxc8 Be5 29.Bd7 Re7
30.Bxc6 Bxb2 31.Rf5 Ne6 32.Bxe4 Nd4 33.Rf4 a5 34.Bd5 Ne2 35.Rxf7 Rxf7 36.Rf1 Nc3
37.Bxf7+ Kg7 38.Bc4 a4 39.Rf7+ Kg6 40.h4  1-0

[Event "Croatian Cup"]
[Site "Pula CRO"]
[Date "2002.05.07"]
[Round "1"]
[White "Savic,Mir"]
[Black "Varga,Zo"]
[Result "0-1"]
[WhiteElo "2184"]
[BlackElo "2495"]

1.Nf3 d5 2.d4 c6 3.c4 dxc4 4.a4 b5 5.g3 Bb7 6.Bg2 a6 7.O-O e6 8.Qc2 Nf6 9.Bg5 Nbd7
10.Rd1 Be7 11.Ne5 Nxe5 12.dxe5 Nd7 13.axb5 axb5 14.Rxa8 Bxa8 15.Bf4 Qc7 16.Nc3 O-O
17.Be4 g6 18.Ra1 Bb7 19.h4 Rb8 20.h5 Nxe5 21.hxg6 hxg6 22.Ra7 Bd6 23.Qd2 b4
24.Na4 f5 25.Bg2 Nf7 26.Be3 Ra8 27.Rxa8+ Bxa8 28.Nb6 Bb7 29.Nxc4 Bf8 30.b3 e5
31.Bb6 Qc8 32.Na5 Ba8 33.Be3 c5 34.Bxa8 Qxa8 35.Nc4 Qa1+ 36.Kg2 Qa8+ 37.f3 e4
38.Nb6 exf3+ 39.exf3 Qc6 40.Nc4 Be7 41.Qd3 Kg7 42.Qc2 Qe6 43.Qe2 Kg8 44.Kf2 Nd8
45.Qa2 Qd5 46.Qa7 Kf8 47.Bh6+ Ke8 48.Qb6 g5 49.Qg6+ Qf7 50.Nd6+ Bxd6 51.Qxd6 Ne6
52.f4 g4 53.Bg5 Qd7 54.Qb8+ Kf7 55.Bh6 Qd2+ 56.Kf1 Qd3+ 57.Kg2 Qf3+ 58.Kh2 Qf2+
59.Kh1 Qf1+ 60.Kh2 Qh3+ 61.Kg1 Qxg3+ 62.Kf1 Qh3+ 63.Ke2 Nd4+ 64.Kf2 Qf3+
65.Kg1 Ne2+  0-1

[Event "ch-UKR"]
[Site "Alushta UKR"]
[Date "2002.05.10"]
[Round "8"]
[White "Drozdovskij,Y"]
[Black "Ermolaev,A"]
[Result "1-0"]
[WhiteElo "2449"]
[BlackElo "2293"]

1.d4 d5 2.c4 c6 3.Nf3 Nf6 4.Qc2 g6 5.Bf4 Na6 6.e3 Bf5 7.Qb3 Nb4 8.Qxb4 e5
9.Qxb7 Rb8 10.Qxa7 Ra8 11.Qb7 Rb8 12.Qa7 Ra8 13.Qxa8 Qxa8 14.Bxe5 Qa5+ 15.Nbd2 Ne4
16.Bxh8 Bb4 17.Rd1 Bg4 18.Be2 Bxf3 19.gxf3 Nxd2 20.a3 Nxf3+ 21.Kf1 Nd2+ 22.Kg2 dxc4
23.Be5 Be7 24.h4 f6 25.Bf4 Qd5+ 26.f3 Nb3 27.e4 Qe6 28.Rhe1 Kf8 29.d5 cxd5
30.exd5 Qa6 31.d6 Bd8 32.d7 g5 33.Bd6+ Kf7 34.Be7 Bc7 35.d8=Q Bxd8 36.Bxd8 gxh4
37.Rd7+ Kg6 38.Bd1 Nc5 39.Bc2+ Nd3 40.Re3 Qb5 41.Rd4 Kf7 42.Re2 h5 43.Kh2 Ne5
44.Rf4 Qb8 45.Rxf6+ Kg7 46.Rg2+ Ng4+ 47.Kh3 Qxd8 48.Rg6+ Kf7 49.fxg4 hxg4+
50.R6xg4 Qb6 51.Rf4+  1-0

[Event "52nd ch-RUS w"]
[Site "Elista RUS"]
[Date "2002.05.11"]
[Round "2"]
[White "Shumiakina,T"]
[Black "Styazhkina,O"]
[Result "0-1"]
[WhiteElo "2366"]
[BlackElo "2355"]

1.d4 d5 2.c4 c6 3.Nf3 dxc4 4.e3 Be6 5.Nc3 b5 6.a4 b4 7.Ne4 Nf6 8.Nc5 Bd5
9.a5 Nbd7 10.Bd2 Nxc5 11.dxc5 Rb8 12.Qa4 Nd7 13.Bxb4 e5 14.Bc3 Nxc5 15.Qd1 f6
16.Nd2 Nd3+ 17.Bxd3 cxd3 18.O-O Be7 19.Qg4 O-O 20.Rfd1 Qc8 21.Qg3 Rd8 22.Ra4 Bf7
23.Rg4 Bf8 24.Rh4 Bg6 25.Rf1 Qe6 26.Ra4 e4 27.f4 exf3 28.Qxf3 Bc5 29.Re1 Rd5
30.Rc4 Re8 31.Kh1 Rf5 32.Qh3 Rd5 33.Qxe6+ Rxe6 34.e4 f5 35.e5 Bf2 36.Rf1 Be3
37.Nf3 f4 38.g4 Re8 39.Rd1 c5 40.Kg2 Red8 41.Nd2 a6 42.Kf3 Bf7 43.Ra4 R5d7
44.Ra3 Bd5+ 45.Ne4 c4 46.Ra4 Rb8 47.Rb4 Rxb4 48.Bxb4 Rb7 49.Bc3 Kf7 50.h4 h5
51.gxh5 Ke6  0-1

[Event "52nd ch-RUS w"]
[Site "Elista RUS"]
[Date "2002.05.18"]
[Round "9"]
[White "Slavina,I"]
[Black "Chistiakova,T"]
[Result "1-0"]
[WhiteElo "2370"]
[BlackElo "2207"]

1.d4 d5 2.c4 c6 3.Nf3 Nf6 4.Qc2 dxc4 5.Qxc4 Bf5 6.Nc3 e6 7.g3 Nbd7 8.Bg2 Be7
9.O-O O-O 10.e3 Nb6 11.Qe2 Nbd5 12.Ne5 Bb4 13.Bd2 Bxc3 14.bxc3 Ne4 15.c4 Nxd2
16.Qxd2 Nb6 17.c5 f6 18.Nf3 Nd7 19.Qb2 Qc7 20.Qb3 Rfe8 21.Nh4 Bg4 22.h3 Bh5
23.Nf5 b6 24.cxb6 Qxb6 25.Nd6 Re7 26.Qxb6 Nxb6 27.Bxc6 Rd8 28.Nb7 Rc8 29.Bg2 e5
30.dxe5 Rxe5 31.a4 Be2 32.Rfe1 Ba6 33.Nd6 Rd8 34.Red1 Kf8 35.a5 Nc4 36.Nxc4 Rxd1+
37.Rxd1 Bxc4 38.Rd8+ Re8 39.Rd4 Rc8 40.Bb7 Rc5 41.a6 Ke7 42.e4 Be2 43.Rd2 Bf3
44.Kh2 f5 45.exf5 Bxb7 46.axb7 Rb5 47.Ra2 Rxb7 48.Ra6 Kd8 49.g4 Rf7 50.Kg3 Kc8
51.Kf4 Kb7 52.Re6 a5 53.g5 Rf8 54.Re7+ Kb6 55.Rxg7 a4 56.Rxh7 a3 57.Re7 a2
58.Re1 Re8 59.Ra1 Re2 60.Kf3  1-0

[Event "9th RUS-chT"]
[Site "Ekaterinburg RUS"]
[Date "2002.05.20"]
[Round "4"]
[White "Nikitin,An"]
[Black "Popov,Val"]
[Result "1/2-1/2"]
[WhiteElo "2492"]
[BlackElo "2575"]

1.d4 d5 2.c4 c6 3.Nf3 Nf6 4.Qc2 dxc4 5.Qxc4 Bf5 6.g3 e6 7.Bg2 Nbd7 8.O-O Be7
9.Bd2 O-O 10.Rd1 Rc8 11.b4 Bd6 12.Nh4 Be4 13.Bxe4 Nxe4 14.Be1 Be7  1/2-1/2

[Event "V It"]
[Site "Santo Antonio POR"]
[Date "2002.05.22"]
[Round "3"]
[White "Pinheiro,J"]
[Black "Damaso,R"]
[Result "1/2-1/2"]
[WhiteElo "2368"]
[BlackElo "2434"]

1.Nf3 d5 2.d4 Nf6 3.c4 c6 4.Qb3 dxc4 5.Qxc4 Bf5 6.g3 e6 7.Bg2 Nbd7 8.O-O Be7
9.Nc3 O-O 10.Bg5 h6 11.Bxf6 Bxf6 12.Rfd1 Bc2 13.Rdc1 Nb6 14.Qc5 Bg6 15.Ne5 Nd7
16.Nxd7 Qxd7 17.e3 Rfd8 18.Ne4 Be7 19.Qc3 Bxe4 20.Bxe4  1/2-1/2

[Event "Elekes Mem GM"]
[Site "Budapest HUN"]
[Date "2002.05.23"]
[Round "6"]
[White "Almasi,I"]
[Black "Erenburg,S"]
[Result "1/2-1/2"]
[WhiteElo "2437"]
[BlackElo "2450"]

1.d4 d5 2.Nf3 Nf6 3.c4 c6 4.Qc2 dxc4 5.Qxc4 Bf5 6.Nc3 e6 7.g3 Be7 8.Bg2 O-O
9.O-O Nbd7 10.Re1 Ne4 11.Bf4 Nxc3 12.bxc3 Be4 13.a4 c5 14.a5 Rc8 15.Qb3 Nf6
16.Red1 cxd4 17.Rxd4 Qe8 18.Ne5 Bxg2 19.Kxg2 Bc5 20.Rdd1 Qe7 21.Bg5 Rfd8
22.Ng4 h5 23.Nxf6+ gxf6 24.Bh6  1/2-1/2